Антивоенное движение в Северной Америке и Западной Европе: тенденции, проблемы, перспективы

গ্রন্থ-পঞ্জীর বিবরন
অন্যান্য লেখক: Замошкин Ю. А. (автор), Ершова Е. Н., Кортунов А. В., Панкин А. Б., Петровская М. М., Замошкин Ю. А. Юрий Александрович
সংক্ষিপ্ত:Авт. указаны на обороте тит. л.
ভাষা:রুশ
প্রকাশিত: Москва, Международные отношения, 1986
বিষয়গুলি:
বিন্যাস: MixedMaterials গ্রন্থ
KOHA link:https://koha.lib.tpu.ru/cgi-bin/koha/opac-detail.pl?biblionumber=281358

MARC

LEADER 00000nam0a2200000 4500
001 281358
005 20231101235408.0
020 |a RU  |b 86-85122 
035 |a (RuTPU)RU\TPU\book\305076 
090 |a 281358 
100 |a 20150121d1986 km y0rusy5003 ca 
101 0 |a rus 
102 |a RU 
105 |a y z 001zy 
200 1 |a Антивоенное движение в Северной Америке и Западной Европе: тенденции, проблемы, перспективы  |f Ю. А. Замошкин [и др.] 
210 |a Москва  |c Международные отношения  |d 1986 
215 |a 207 с.  |d 20 см 
300 |a Авт. указаны на обороте тит. л. 
320 |a Библиогр. в примеч.: с. 201-205 
606 1 |a Движение сторонников мира  |2 stltpush  |3 (RuTPU)RU\TPU\subj\8947  |9 36254 
606 1 |a Внешняя политика капиталистических стран  |2 stltpush  |3 (RuTPU)RU\TPU\subj\2620  |9 31169 
610 1 |a Борьба за мир- Капиталистические страны 
610 1 |a Северная Америка 
610 1 |a Западная Европа 
610 1 |a антивоенное движение 
610 1 |a США 
610 1 |a Канада 
610 1 |a идейная борьба 
610 1 |a Западная Европа 
610 1 |a антимилитаристские выступления 
686 |a Ф77  |2 rubbk 
686 |a Ф4(0,8)  |2 rubbk 
701 1 |a Замошкин  |b Ю. А. 
701 1 |a Ершова  |b Е. Н. 
701 1 |a Кортунов  |b А. В. 
701 1 |a Панкин  |b А. Б. 
701 1 |a Петровская  |b М. М. 
702 1 |a Замошкин  |b Ю. А.  |g Юрий Александрович  |4 070 
801 0 |a RU  |b RuMRKP  |c 19950704  |g psbo 
801 1 |a RU  |b 63413507  |c 20150121 
801 2 |a RU  |b 63413507  |c 20170313  |g RCR 
942 |c BK